000 00765nam a22002657a 4500
999 _c4609
_d4609
003 AR-CdUCM
008 190311b ||||| |||| 00| 0 spa d
020 _a84-8280-362-X
020 _a84-8280-362-X
040 _aMUNICIPALIDAD PROVINCIAL DEL CUSCO
_cBIBLIOTECA MUNICIPAL DEL CUSCO
041 _heng
082 _a828.913 /
_bL31
100 _aLawrence, D. H
_914377
245 _aMujeres Enamoradas /
260 _aBogota :
_bLa Oveja Negra,
_c1984.
300 _a473 paginas ;
_c20cm.
440 _aObras Maestras del Siglo XX
_n62
_914378
500 _aTraducicón de: Women in love.
650 _aNovelas Inglesas
_911649
650 _aSiglo XX
_98
650 _aLiteratura
_983
700 _aBosch, A
_914379
942 _2ddc
_cLIBROS
945 _apjha